| 000 | 01175nam a2200325 a 4500 | ||
|---|---|---|---|
| 001 | 000111694 | ||
| 003 | CHAP | ||
| 005 | 20220329144225.0 | ||
| 008 | 150720s2015 mx a fsm |||||||spa d | ||
| 010 | _a108155 | ||
| 011 | _a109127 | ||
| 040 | _cCHAP | ||
| 090 | _aTesis | ||
| 100 | 1 |
_aPérez Sánchez, Tania _9129634 |
|
| 245 | 1 | 0 |
_aAptitud para aguacate (Persea americana) Var. Hass y mango (Mangifera indica) en México con escenarios de cambio climático _h[En línea] _cpor Tania Pérez Sánchez. |
| 260 |
_aChapingo, Méx. : _bEl autor, _c2015. |
||
| 500 | _aPara ver el contenido del material haga clic en la liga | ||
| 502 | _aTesis (Ing. en Recuros Naturales Renovables) -- UACH. Departamento de Suelos | ||
| 590 |
_aE5995AHE _b05 _c20150720 _lUCH01 _h1342 |
||
| 590 |
_aE5995AHE _b05 _c20150720 _lUCH01 _h1343 |
||
| 590 |
_aE5995AHE _b05 _c20150720 _lUCH01 _h1352 |
||
| 650 | 1 | 4 |
_aAguacate _xCultivo. _9129282 |
| 650 | 1 | 4 |
_aCultivos y clima. _930392 |
| 650 | 1 | 4 |
_aCultivos _xZonas de _xMéxico. _930348 |
| 650 | 1 | 4 |
_aMango. _970395 |
| 856 |
_aFinding aid _uhttp://10.13.5.2/tesis/sist111694.pdf _zTeclea aquí |
||
| 901 | _aBK | ||
| 942 | _cTESIS | ||
| 942 | _n0 | ||
| 999 |
_c108155 _d108155 |
||